000 00379 a2200169 4500
001 169799
020 _a978-853-770-907-8
040 _cMagnum
100 _aGuilbert, Françoise de
240 1 0 _aDivórcio
_lpor
245 1 0 _aDivórcio
300 _a40
362 0 _a2009
440 1 _aEscala Educacional
697 _aLITERATURA INFANTO-JUVENIL ESTRANGEIRA
942 _cBK
999 _c169799
_d169799